01602nab a22002657a 450000500170000000800410001704000250005804100080008304400070009110000310009824501900012924601000031926000840041930000470050350400570055052002770060754600490088465000530093365000640098670000350105070000330108570000370111870000340115577301470118920150723124404.0150723b2015 xxu|||||r|||| 00| 0 spa d aCO-BoIAVHcCO-BoIAVH aspa ack1 aValencia-Arroyave, Daniela0 aModelo para la estimación de emisiones vehículares como herramienta para la gestión ambiental institucional /cDaniela Arroyave-Valencia, Michelle Andrea Muñoz-Duque...[et. al.]0 aA commuting emissions estimation model as a tool for the institutional environmental management3 aCaldas, Antioquía (Colombia):bCorporación Universitaria Lasallista,c2015. aAño 2015, Nro 1, Enero-Junio, Pag. 22-39 aIncluye referencias bibliográficas (Pág. 37-39). aEn este artículo presentamos un modelo para la estimación de las emisiones vehiculares, producidas por los viajes con motivos de trabajo y/o estudio a escala institucional, junto con un caso de aplicación en la Institución Universitaria Colegio Mayor de Antioquia. aResumen también en inglés y portugués. 4aContaminación del aire.xFactores de emisión 4aControl de calidad del aire.vModeloxFactores de emisión1 aMuñoz-Duque, Michelle Andrea1 aRamírez Muñoz, Alejandra1 aBuiles Jaramillo, Luis Alejandro1 aHoyos-Restrepo, Carlos Arturo0 bProducción + limpiadCaldas (Antioquia) : Corporación Universitaria La sallista, 2006- .o042058tProducción más limpia / x19090455